Geografía económica y política

Gorde:
Xehetasun bibliografikoak
Egile nagusia: Tamayo, Jorge L (Egilea)
Formatua: Liburua
Hizkuntza:gaztelania
Argitaratua: Ciudad de México Manuales Universitarios UNAM 1969
Edizioa:3a. ed
Gaiak:
Etiketak: Etiketa erantsi
Etiketarik gabe, Izan zaitez lehena erregistro honi etiketa jartzen!

MARC

LEADER 00000cam a2200000 a 4500
001 UCU2050
003 CL-VaPUC
008 960419e19690000MX |||||||||||||||||spa|d
082 0 4 |a 330.91  |b TAM  |2 21 
100 0 |a Tamayo, Jorge L  |e author  |9 357892 
245 1 0 |a Geografía económica y política 
250 |a 3a. ed 
300 |a 530 p 
942 |c BK 
945 |d 19960419 00:00:00  |a paguirre 
260 |a Ciudad de México  |b Manuales Universitarios UNAM  |c 1969 
650 0 |a Geografía económica   |9 267757 
650 0 |a Geografía política  |9 268296 
650 0 |a Poblaciones  |9 338556 
650 0 |a Recursos naturales  |9 255232 
651 0 |a América  |9 255182 
651 0 |a Europa  |9 255156 
651 0 |a África  |9 256790 
651 0 |a Asia  |9 268338 
651 0 |a Antártica (Antártida)  |9 324088 
583 |a last modification  |c 20140701 12:14:00  |k Rodrigo Vera 
999 |c 246449  |d 246447 
952 |0 0  |1 0  |4 0  |6 330_910000000000000_TAM_1969  |7 0  |8 A  |9 261426  |a BIBING  |b BIBING  |d 2019-11-19  |i 201906K  |o 330.91 TAM 1969  |p 201906K  |r 2025-01-20  |w 2019-11-19  |y BK  |k GEO 
952 |0 0  |1 0  |3 erb  |4 0  |6 330_910000000000000_TAM_1969  |7 0  |8 A  |9 261427  |a BIBING  |b BIBING  |i 5069017  |o 330.91 TAM 1969  |p 5069017  |r 2025-01-20  |w 2019-11-19  |y BK  |k GEO